000 00739cam a2200253 4500
001 1250693
003 NUST - PNEC
005 20170116181027.0
008 730202s1973 nyua b 001 0 eng
010 _a 73001784
020 _a070022422X
040 _cLIBRARY
082 0 0 _a536.2 KRE
100 1 _aKreith, Frank.
245 1 0 _aPrinciples of heat transfer.
_cKreith, Frank.
250 _a3d ed.
260 _aNew York,
_bIntext Educational Publishers
_c[1973]
300 _axvi, 656 p.
_billus.
_c24 cm.
490 0 _aThe Intext series in mechanical engineering
504 _aIncludes bibliographical references.
650 0 _aHeat
_xTransmission.
906 _a7
_bcbc
_corignew
_d1
_eocip
_f19
_gy-gencatlg
942 _2ddc
_cBK
999 _c67591
_d67591